| 000 | 00643nam a2200217Ia 4500 | ||
|---|---|---|---|
| 001 | 11905 | ||
| 003 | GE_BSU | ||
| 008 | 181216s||||||||xx |||||||||||||| ||und|| | ||
| 040 | _cGE_BSU | ||
| 080 | _a636.32.1.38 | ||
| 100 | _aБелехов,П.П. | ||
| 245 | _aОвцеводство | ||
| 245 | _bДля раионных колхозных школ и курсов по подготовке бригадиров-животноводов | ||
| 245 | _cРед.А.Зуев | ||
| 260 | _aМосква | ||
| 260 | _bСельхозгиз | ||
| 260 | _c1935 | ||
| 300 | _a284стр.18см. | ||
| 653 | _aОвцеводство | ||
| 942 | _cBK | ||
| 999 |
_c45082 _d45082 |
||